000 00539nam a2200217Ia 4500
003 OSt
005 20220924134549.0
006 a|||||r|||| 00| 0
007 ta
008 220923b |||||||| |||| 00| 0 ben d
024 _a277901
037 _cTextual
040 _aARTS
_cARTS
_bben
041 _2ben
_aben
082 _aO157:g, [M0]
100 _aGangopudhyay Anil Baran
_9208712
245 0 _aSamayiki
260 _c1980
942 _hO157:g, [M0]
_cTEXL
_2CC
999 _c437823
_d437823